Statystyki dla PSV Eindhoven 2019/2020

Kliknij tutaj aby rozwiązać quiz!

Ogólne statystyki

  • Ten quiz został rozwiązany 37 razy
  • Średni wynik to 5 z 26

Statystyki odpowiedzi

PozycjaImię i Nazwisko% Poprawnych
NapastnikSteven Bergwijn
74%
BramkarzJeroen Zoet
68%
ObrońcaDenzel Dumfries
52%
NapastnikDonyell Malen
45%
PomocnikJorrit Hendrix
29%
NapastnikBruma
23%
ObrońcaDaniel Schwaab
23%
PomocnikPablo Rosario
19%
PomocnikIbrahim Afellay
19%
BramkarzLars Unnerstall
16%
ObrońcaNick Viergever
16%
ObrońcaTimo Baumgartl
13%
PomocnikGaston Pereiro
13%
NapastnikRitsu Doan
13%
PomocnikErick Gutierrez
10%
PomocnikMohamed Ihattaren
10%
ObrońcaOlivier Boscagli
10%
ObrońcaToni Lato
10%
NapastnikCody Gakpo
6%
NapastnikSam Lammers
6%
PomocnikMichal Sadilek
6%
NapastnikKonstantinos Mitroglou
6%
PomocnikRyan Thomas
3%
BramkarzRobbin Ruiter
3%
BramkarzYanick van Osch
3%
ObrońcaDerrick Luckassen
0%

Rozkład punktacji

Percentyl według liczby udzielonych odpowiedzi

Procent ludzi z każdym wynikiem

Twoja historia wyników

Nie rozwiązałeś tego quizu